000 00602nam a2200181Ia 4500
003 GCL
008 140319s9999 xx 000 0 ara d
040 _aGCL /
_cGCL
082 0 4 _a658.15
_bان
100 1 _aالسيد عبدالمولى
245 1 0 _aالنظم النقدية والمصرفية ودراسة خاصة للنظام النقدى والمصرفى المصرى /
_cالسيد عبدالمولى
260 _a[S.N] :
_bدار النهضة العربية ،
_c1988
300 _a304 ص
490 _a
650 0 4 _aمصر
650 0 4 _aالمالية العامة
942 _2ddc
_cBK
999 _c37257
_d37257